The 'no nonsense' guide to doing business in Japan / (Record no. 78818)

MARC details
000 -LEADER
fixed length control field 01211nam a2200253 a 4500
008 - FIXED-LENGTH DATA ELEMENTS--GENERAL INFORMATION
fixed length control field 120416s2001 ||||||||||||||||| || u
020 ## - INTERNATIONAL STANDARD BOOK NUMBER
International Standard Book Number 0333804376
050 ## - LIBRARY OF CONGRESS CALL NUMBER
Classification number HF 3826.5 Wor
100 ## - MAIN ENTRY--PERSONAL NAME
Personal name Woronoff, Jon
245 15 - TITLE STATEMENT
Title The 'no nonsense' guide to doing business in Japan /
246 ## -
-- Guide to doing business in Japan
250 ## - EDITION STATEMENT
Edition statement 2nd ed.
260 ## - PUBLICATION, DISTRIBUTION, ETC.
Place of publication, distribution, etc. New York
Name of publisher, distributor, etc. Palgrave
Date of publication, distribution, etc. 2001
300 ## - PHYSICAL DESCRIPTION
Extent x, 179 p. ill.
350 ## -
-- 0.00
500 ## - GENERAL NOTE
General note Bibliography
650 ## - SUBJECT ADDED ENTRY--TOPICAL TERM
Topical term or geographic name entry element CORPORATE, FOREIGN--JAPAN
650 ## - SUBJECT ADDED ENTRY--TOPICAL TERM
Topical term or geographic name entry element JAPAN COMMERCE
650 #0 - SUBJECT ADDED ENTRY--TOPICAL TERM
Topical term or geographic name entry element COMMERCE
995 ## -
-- ANNEX COLLECTION (Main Library)
-- 0.00
-- 736341
-- CBU-MAIN LIBRARY (Kitwe)
-- 1
-- 20.00
-- HF 3826.5 Wor
-- 1
-- AVAILABLE
-- 40711
-- Annex Low-Usage Collection
995 ## -
-- ANNEX COLLECTION (Main Library)
-- 0.00
-- 736338
-- CBU-MAIN LIBRARY (Kitwe)
-- 4
-- 20.00
-- HF 3826.5 Wor
-- 4
-- AVAILABLE
-- 40714
-- Annex Low-Usage Collection
995 ## -
-- MAIN LIBRARY OPEN ACCESS
-- 0.00
-- 736340
-- CBU-MAIN LIBRARY (Kitwe)
-- 2
-- 20.00
-- HF 3826.5 Wor
-- 2
-- AVAILABLE
-- 40712
-- Main Library Open Access Collection
995 ## -
-- MAIN LIBRARY OPEN ACCESS
-- 0.00
-- 736339
-- CBU-MAIN LIBRARY (Kitwe)
-- 3
-- 20.00
-- HF 3826.5 Wor
-- 3
-- AVAILABLE
-- 40713
-- Main Library Open Access Collection
999 ## -
-- 78818
-- 78818
Holdings
Withdrawn status Lost status Source of classification or shelving scheme Damaged status Not for loan Permanent Location Current Location Shelving location Date acquired Total Checkouts Full call number Barcode Date last seen Copy number Price effective from Koha item type
          CBU-MAIN LIBRARY, KITWE. CBU-MAIN LIBRARY, KITWE.   06/06/2023   HF 3826.5 Wor 40711 06/06/2023 1 06/06/2023 MONOGRAPH
          CBU-MAIN LIBRARY, KITWE. CBU-MAIN LIBRARY, KITWE.   06/06/2023   HF 3826.5 Wor 40714 06/06/2023 2 06/06/2023 MONOGRAPH
          CBU-MAIN LIBRARY, KITWE. CBU-MAIN LIBRARY, KITWE.   06/06/2023   HF 3826.5 Wor 40712 06/06/2023 3 06/06/2023 MONOGRAPH
          CBU-MAIN LIBRARY, KITWE. CBU-MAIN LIBRARY, KITWE.   06/06/2023   HF 3826.5 Wor 40713 06/06/2023 4 06/06/2023 MONOGRAPH